Horúci tip

Prvá geotermálna elektráreň na Slovensku bude stáť neďaleko Košíc. Prípravy na výstavbu elektrárne. Geotermálna energia ako dobrý zdroj elektrickej energie. Potenciál geotermálnej energie v lokalitách Slovenska. Slovensko patrí k európskej špičke, pokiaľ ide o zásoby geotermálnej energie.

Gespeichert in:
Bibliographische Detailangaben
1. Verfasser: Hudec, Marián
Format: Buchkapitel
Sprache:Slowakisch
Schlagworte:
Tags: Tag hinzufügen
Keine Tags, Fügen Sie das erste Tag hinzu!

MARC

LEADER 00000naa a2200000 4500
001 0122024
005 20231011121832.6
041 0 |a slo 
044 |a SK 
245 1 0 |a Horúci tip  |c Marián Hudec 
520 |a Prvá geotermálna elektráreň na Slovensku bude stáť neďaleko Košíc. Prípravy na výstavbu elektrárne. Geotermálna energia ako dobrý zdroj elektrickej energie. Potenciál geotermálnej energie v lokalitách Slovenska. Slovensko patrí k európskej špičke, pokiaľ ide o zásoby geotermálnej energie. 
610 2 0 |a energia geotermálna 
610 2 0 |a energia elektrická 
610 2 0 |a elektrárne 
610 2 0 |a Slovensko 
100 1 |a Hudec, Marián